Nurse Trent /

Saved in:
Bibliographic Details
Main Author: Deane, Sonia
Format: Book
Language:English
Published: London : Hurst & Blackett, 1958.
LEADER 00673nam a2200193 a 4500
001 c000273285
003 CARM
005 20071010094902.0
008 071010s1958 enk 000 1 eng d
019 1 |a 50074616  |5 LACONCORD2021 
035 |a (OCoLC)752778005  |5 LACONCORD2021 
040 |a VCAV  |b eng  |c VCAV 
100 1 |a Deane, Sonia. 
245 1 0 |a Nurse Trent /  |c Sonia Deane. 
260 |a London :  |b Hurst & Blackett,  |c 1958. 
300 |a 215 p. 
852 8 |b CARM  |h A1:AN37A0  |i A04909  |p 0393876  |f BK 
999 f f |i 0355b6a0-13bf-50ab-99d7-07ab8dfde41e  |s 7151babe-5880-5b85-8294-d63922a190a7 
952 f f |p Can circulate  |a CAVAL  |b CAVAL  |c CAVAL  |d CARM 1 Store  |e A04909  |f A1:AN37A0  |h Other scheme  |i book  |m 0393876